Score 0/60 Timer 06:00
4 Plays Today
Letter Hints Term Related to Heat or Fire % Correct
bla_eblaze
92%
bon_ _rebonfire
88.5%
lig_ _light
85.3%
r_ _stroast
85%
s_nsun
84.6%
i_fer_oinferno
84.1%
p_ropyro
83.6%
f_ _meflame
82.5%
f_ _ _fire
82.4%
t_rc_torch
82.2%
sea_sear
81.8%
s_aldscald
81.4%
h_ _hot
81.3%
cin_erscinders
79.5%
s_o_chscorch
78.3%
a_ireafire
77.7%
me_tmelt
77%
f_yfry
76.9%
i_c_nera_eincinerate
76.4%
sin_esinge
75.1%
sm_ _esmoke
74.6%
h_ _ _heat
74.4%
toa_ _toast
73.5%
b_ _nburn
72.6%
b_ _l_ngboiling
71.1%
kin_ _ekindle
70.3%
c_ _lscoals
69.9%
s_ol_ersmolder
69.2%
si_ _lingsizzling
69.1%
i_n_teignite
69%
Letter Hints Term Related to Heat or Fire % Correct
b_oi_broil
68.4%
ca_p_irecampfire
68.4%
fie_ _fiery
68.3%
c_archar
66.6%
f_elfuel
64.3%
in_en_iaryincendiary
63.3%
w_l_fi_ewildfire
63.1%
m_t_hmatch
62.6%
ba_ebake
62.6%
f_ar_flare
60.5%
bl_ _t_r_ngblistering
60.4%
a_h_sashes
60.3%
su_t_ysultry
59.1%
i_neo_signeous
56.1%
st_k_stoke
55.9%
t_er_althermal
54.9%
f_a_ma_leflammable
54.5%
wa_ _thwarmth
53.6%
f_ _ _ _oodfirewood
48.9%
co_fl_ _rat_ _nconflagration
48.7%
the_ _ _ge_esisthermogenesis
48%
e_be_sembers
45.4%
s_e_ter_ngsweltering
44.7%
co_b_st_ _ncombustion
44.6%
cr_ _atecremate
43.4%
fer_ _ntfervent
37.1%
fli_ _erflicker
30.3%
s_a_kspark
24.3%
c_n_entcandent
5.1%
cal_in_calcine
5%
Remove Ads.
Support Sporcle.
Get the best of Sporcle when you Go Orange. This ad-free experience offers more features, more stats, and more fun while also helping to support Sporcle. Thank you for becoming a member.

You're not logged in!

Compare scores with friends on all Sporcle quizzes.
OR
Log In

Sporcle TV

Today on Sporcle TV


Watch our educational content, quiz creation guides, and fun videos on Sporcle TV.

Show Comments

Extras

Top Quizzes Today


Score Distribution

Paid Content

Your Account Isn't Verified!

In order to create a playlist on Sporcle, you need to verify the email address you used during registration. Go to your Sporcle Settings to finish the process.

Report this User

Report this user for behavior that violates our Community Guidelines.

Details: